000 00602nam a2200241Ia 4500
003 OSt
005 20220912152925.0
006 a|||||r|||| 00| 0
007 ta
008 220909b |||||||| |||| 00| 0 eng d
024 _a30447
037 _cTextual
040 _aCSL
_beng
_cCSL
041 _aeng
082 _aB311, L72
100 _aVarga R S
245 0 _aFunctional analysis and approximation theory in numerical analysis
260 _c1971
300 _ap.
_ccm.
650 _aNumerical analysis
942 _hB311, L72
_cTEXL
_2CC
999 _c94005
_d94005